[Event "5 Torneo di Scacchi "Citta di Ancona""]
[Site "?"]
[Date "2019.08.31"]
[Round "3"]
[White "Giacometti, Franco"]
[Black "Graziani, Sergio"]
[Result "1-0"]
[WhiteElo "2032"]
[BlackElo "1923"]
[PlyCount "89"]
[SourceDate "2019.09.15"]

1. d4 d5 2. c4 e6 3. Nc3 c6 4. Nf3 Nf6 5. Bg5 Nbd7 6. e3 Be7 7. Qc2 O-O 8. Rd1
Re8 9. Be2 Nf8 10. Ne5 N6d7 11. Bf4 f6 12. Nf3 Ng6 13. O-O Ndf8 14. Rfe1 Bd6
15. Bxd6 Qxd6 16. Bf1 Kh8 17. e4 Bd7 18. e5 fxe5 19. dxe5 Qe7 20. Ne2 Nh4 21.
Nxh4 Qxh4 22. c5 Ng6 23. g3 Qb4 24. a3 Qa5 25. Nd4 Qc7 26. f4 Rf8 27. Bd3 Qa5
28. Nb3 Qd8 29. Bxg6 hxg6 30. Qxg6 Qe7 31. h4 Rf5 32. Nd4 Qxc5 33. b4 Qb6 34.
Kg2 Rff8 35. h5 Bc8 36. f5 exf5 37. e6 Rf6 38. e7 Bd7 39. e8=Q+ Bxe8 40. Rxe8+
Rxe8 41. Qxe8+ Kh7 42. Ne6 Qa6 43. Ng5+ Kh6 44. Qh8+ Kxg5 45. Qxg7+ 1-0